000 01671cam a22004334i 4500
003 PE-LiUPU
005 20250731184530.0
008 150623s r 000 0 d
035 _a(Sirsi) a21416
040 _aPE-LiUPU
_bspa
_cPE-LiUPU
_erda
082 0 4 _a933.01
_bR34
_221
100 1 _aRedford, Donald B.,
_eautor.
245 1 0 _aEgypt and Canaan in the new kingdom /
_cDonald B. Redford.
264 1 _aJerusalem :
_bBen-Gurion University of the Negev Press,
_c1990.
300 _a121 páginas ;
_c24 cm.
336 _atext
_2rdacontent
337 _aunmediated
_2rdamedia
338 _avolume
_2rdacarrier
505 0 _aAsia and Nubia: the differnig exigencies of empire. -The commisariat: nomenclature and prosopography. -Regional organization. -Polocing and population control. -The tax structure of the empire in Asia. -The cultural and spiritual influence of Egypt on Canaan. -Egypt and the Shasu.
526 _aP136
526 _aP135
526 _aP134
526 _aP133
526 _aP144
526 _aP143
526 _aP87
526 _aP35
526 _aP20
526 _aP14
526 _aP10
526 _aP06
650 0 4 _aEgipto
_xHistoria
_yXVIII dinastía, ca. 1570-1320 B.C.
650 0 4 _aPalestina
_xHistoria
_y70 A.D.
942 _2ddc
_cBOOK
949 _a933.01 R34
_wDEWEY
_c1
_i44998
_lCCODEBUL1
_mBUL
_p00.00
_r0
_sY
_tBOOK
_u2015-06-24
_xTEOLOGIA
_PP35
_0COMPRA
_o.STAFF. Colección General
596 _a1
999 _a933.01 R34
_wDEWEY
_c21876
_i44998
_f2021-11-11
_g5
_lCCODEBUL1
_mBUL
_r0
_sY
_tBOOK
_u2015-6-24
_xTEOLOGIA
_PP35
_0COMPRA
_o.STAFF. Colección General
_d21876
980 _81
_gALBERTO SANCHEZ Responsable de Automatización